| 000 | 00721nam a2200193Ia 4500 | ||
|---|---|---|---|
| 999 |
_c7235 _d7235 |
||
| 020 | _a9788131603291 | ||
| 082 | _a306.09547 BHA-C | ||
| 100 | _aBhatt, G. S. | ||
| 245 | 0 | _aCult, religion and society: Polyandrous people of Western Himalaya | |
| 260 |
_aJaipur _bRawat Publications _c2010 |
||
| 300 | _ax, 420 | ||
| 504 | _aIncludes bibligraphy and index | ||
| 650 |
_aCults _vIndia _vWestern Himalaya Mountains |
||
| 650 |
_aMahasu, The _vCults _vIndia _vWesternHimalaya Mountains |
||
| 650 |
_aWestern Himalaya Mountains (India) _vReligion _vIndia _vWesternHimalaya Mountains |
||
| 650 |
_aReligion and culture _vIndia _vWestern Himalaya Mountains |
||
| 650 |
_aPolyandry _vIndia _vWestern Himalaya Mountains |
||
| 942 | _cBK | ||